• 首页
  • 本馆介绍
  • 公告通知
  • 最新文献
  • 馆藏检索
  • 电子资源
  • 读者导购
  • 参考咨询
  • 我的图书馆
  • 登录
  • 详细信息显示
  • 放入我的书架
  • 预约/预借图书
  • 作者相关作品
  • 分类相关作品
  • 丛书相关作品
  • 出版社相关作品

书目信息

  • 表格格式
  • 工作单格式
  • 卡片格式
题名:
让幸福快乐找上门
    
 
作者: 周丽霞, 编著
分册:  
出版信息: 北京   中国商业出版社  2020.1
页数: 231页
开本: 23cm
丛书名:
单 册:
中图分类: B844.4 , R161.7
科图分类:
主题词: 老年人--心理保健
电子资源:
ISBN: 978-7-5208-0829-3
000 01033nam0 2200265 45
001 012001000657
005 20140819102009.0
010    @a978-7-5208-0829-3@dCNY56.00
099    @aCAL 012020021903
100    @a20200329d2020 em y0chiy0110 ea
101 0  @achi
102    @aCN@b110000
105    @ay z 000yy
106    @ar
200 1  @a让幸福快乐找上门@Arang xing fu kuai le zhao shang men@f周丽霞编著
210    @a北京@c中国商业出版社@d2020.1
215    @a231页@d23cm
314    @a周丽霞, 现为《文化导报》编辑。
330    @a本书对老年人在情绪保健、心理问题、日常生活、家庭关系、婚姻爱情等方面出现的问题, 进行了详细的心理指导, 以帮助老年人从心理上尽快走出这些问题的困扰。老有所学, 老有所为, 是中老年人保持身心健康的重要条件。多与年轻人交朋友也大有裨益, 老年人可以从年轻人身上感受青春的朝气和活力, 从中得到奋发向上的精神。
606 0  @a老年人@x心理保健
690    @aB844.4@v5
690    @aR161.7@v5
701  0 @a周丽霞,@Azhou li xia@f1981-@4编著
801    @aCN@bAHXH@c20210922
905    @b1359631-5@dB844.4@e4208@f5
    
    让幸福快乐找上门/周丽霞编著.-北京:中国商业出版社,2020.1
    231页;23cm
    
    
    ISBN 978-7-5208-0829-3:CNY56.00
    本书对老年人在情绪保健、心理问题、日常生活、家庭关系、婚姻爱情等方面出现的问题, 进行了详细的心理指导, 以帮助老年人从心理上尽快走出这些问题的困扰。老有所学, 老有所为, 是中老年人保持身心健康的重要条件。多与年轻人交朋友也大有裨益, 老年人可以从年轻人身上感受青春的朝气和活力, 从中得到奋发向上的精神。
●
相关链接 在E读中查询图书 在五车中查询图书 在当当中查询图书 在豆瓣中查询图书


正题名:让幸福快乐找上门     索取号:B844.4/4208         预约/预借

序号 登录号 条形码 馆藏地/架位号 状态 备注
1 1359631   213596312   第一样本阅览室/ [索取号:B844.4/4208] 在馆    
2 1359632   213596321   教育系资料室/ [索取号:B844.4/4208] 在馆    
3 1359633   213596330   教育系资料室/ [索取号:B844.4/4208] 在馆    
4 1359634   213596349   第一借阅区/ [索取号:B844.4/4208] 在馆    
5 1359635   213596358   第一借阅区/ [索取号:B844.4/4208] 在馆    
唐山师范学院图书馆 欢迎您!
大连网信软件有限公司© 版权所有